000 00616nam a22002297a 4500
003 UA-OsUOA
001 48075
007 ta
008 20070829b un ||||| |||| 00| 0 ukr d
090 _a82.09
_bР89
942 _cBK
040 _aUA-OsUOA
_bukr
_cUA-OsUOA
_dUA-OsUOA
245 _aРусские советские писатели Украины
300 _a170 с.
955 _a2
041 _aukr
080 _a82.09
020 _a5-12-002490-4
260 _aК.
_bНаукова думка
_c1991
650 7 _a82 Література. Літературознавство
_2UDC
999 _c334172
_d334172